Strategický marketing ako faktor úspešnosti podniku diplomová práca

Salvato in:
Dettagli Bibliografici
Autore principale: Bochinová, Andrea
Ente Autore: Podnikovohospodárska fakulta EU so sídlom v Košiciach. Katedra obchodného podnikania
Altri autori: Gontkovičová, Barbora, 1986-
Natura: Libro
Lingua:slovacco
Pubblicazione: Košice 2015
Tags: Aggiungi Tag
Nessun Tag, puoi essere il primo ad aggiungerne!!

MARC

LEADER 00000nbm a2200000 4500
001 0202184
005 20161212094411.0
041 0 |a slo 
044 |a SK 
245 1 0 |a Strategický marketing ako faktor úspešnosti podniku  |b diplomová práca  |c Andrea Bochinová ; školiteľ: Barbora Gontkovičová 
264 1 |a Košice  |c 2015 
300 |a 65 s. 
100 1 |a Bochinová, Andrea 
700 1 |a Gontkovičová, Barbora, 1986- 
710 2 |a Podnikovohospodárska fakulta EU so sídlom v Košiciach. Katedra obchodného podnikania